000 01585nam a2200337 i 4500
001 115588
003 ES-MaACL
005 20251001142438.0
007 t|
008 070320s1895 sp aef |||| | spa d
080 _a726.6(460.181 León)
100 1 _aRíos, Demetrio de los.
_997361
245 1 3 _aLa Catedral de León :
_bmonografía /
_cpor D. Demetrio de los Ríos y Serrano.
260 _aMadrid :
_b[s.n.],
_c1895 (
_fImp. del S. Corazón de Jesús)
300 _a2 v. (221 p. ; 244 p.) :
_bil., grab. ;
_c32 cm.
490 1 _aBiblioteca del "Resumen de arquitectura" / editada por Antero de Oteyza y Barinaga
530 _aDisponible en formato digital.
599 _aGrab. interc., lám. en fototipia, planos y apéndices.
599 _aLám.: "Hauser y Menet. Madrid" ; Ilustraciones: "V. Lampérez"
610 2 4 _aCatedral de León-
_vHistoria.
_9162189
610 2 4 _aCatedral de León-
_xRestauración.
_92517
651 4 _aLeón-
_xEdificios, estructuras, etc.
_9172802
700 1 _aLampérez y Romea, Vicente,
_d1861-1923
_9128639
700 1 _aOteyza y Barinaga, Antero de.
_9130741
710 2 _aHauser y Menet (Madrid)
_94558
830 1 _aBiblioteca del "Resumen de arquitectura" / editada por Antero de Oteyza y Barinaga
_9188426
852 4 _aES-MaACL
_jB-11454-55
856 4 _uhttp://bibliotecadigital.jcyl.es/i18n/consulta/registro.cmd?id=13066
_zBiblioteca Digital de Castilla y León
856 4 _uhttps://bvpb.mcu.es/es/consulta/registro.do?id=398248
_zBiblioteca Virtual del Patrimonio Bibliográfico
999 _c115588
_d115588